Nên quy định quyền yêu cầu người có thẩm quyền kháng nghị theo thủ tục giám đốc thẩm của đoương sự trong tố tụng dân sự /
Spremljeno u:
| Glavni autor: | |
|---|---|
| Format: | Članak |
| Jezik: | Vietnamese |
| Teme: | |
| Oznake: |
Dodaj oznaku
Bez oznaka, Budi prvi tko označuje ovaj zapis!
|
| Thư viện lưu trữ: | Thư viện Trường Đại học Đà Lạt |
|---|
| LEADER | 00894nam a2200277 4500 | ||
|---|---|---|---|
| 001 | DLU090076620 | ||
| 005 | ##20090619 | ||
| 040 | # | # | |a DLU |b vie |
| 041 | # | # | |a vie |
| 044 | # | # | |a vn |
| 100 | # | # | |a Nguyễn Tiến Trung. |
| 245 | # | # | |a Nên quy định quyền yêu cầu người có thẩm quyền kháng nghị theo thủ tục giám đốc thẩm của đoương sự trong tố tụng dân sự / |c Nguyễn Tiến Trung. |
| 653 | # | # | |a Dân sự |
| 653 | # | # | |a Giám đốc thẩm |
| 653 | # | # | |a Luật tố tụng dân sự |
| 653 | # | # | |a Thẩm quyền |
| 773 | # | # | |t Luật học |g Số 5, 1997, tr. 52-54 |
| 920 | # | # | |a Phòng Tạp chí -- Trung tâm Thông tin - Thư viện Trường Đại học Đà Lạt |
| 994 | # | # | |a DLU |
| 900 | # | # | |a True |
| 911 | # | # | |a Nguyễn Thị Mai Anh |
| 925 | # | # | |a G |
| 926 | # | # | |a A |
| 927 | # | # | |a BB |
| 980 | # | # | |a Thư viện Trường Đại học Đà Lạt |